000 01481nam2a22002291 4500
001 rc\3716017
005 20250610064209.0
035 _a(NLR Aleph) 007771269
090 _a7470354
_c7470354
100 _a20130115d1969 |||y0rusy50 ca
101 0 _arus
102 _aRU
105 _ay b |||||
200 1 _aКаталог единичных расценок
_e[В 3 кн.]
_eКн. 3
210 _d1969
_aБ. м.
215 _a408 с.
461 0 _1001rc\3716014
_12001#$aСборник единичных расценок п. Тикси$eДля применения с 1 января 1969 г.$e[В 3 т.$eУтв. М-вом Мор. флота 20/III 1969 г.]$eТ. 1-$fГос. проектно-конструкторский и науч.-исслед. ин-т мор. транспорта "Союзморниипроект". Ленингр. филиал "Ленморниипроект"$vТ. 1
_97470324
_cМосква
_d1969
_fГос. проектно-конструкторский и науч.-исслед. ин-т мор. транспорта "Союзморниипроект". Ленингр. филиал "Ленморниипроект"
_nБ. и.
_oДля применения с 1 января 1969 г. : [В 3 т. : Утв. М-вом Мор. флота 20/III 1969 г.] : Т. 1-
_tСборник единичных расценок п. Тикси
_vТ. 1
801 0 _aRU
_bNLR
_gpsbo
801 1 _aRU
_bELAR
_2rusmarc
852 _aNLR
_jПт 80.1/923
942 _cBOOK
980 _aNB